Labyrinth 1986 movie quiz - Statistics

General Stats
  • This quiz has been taken 291 times
  • The average score is 10 of 15
Answer Stats
Hint Answer % Correct
Main character Sarah
94%
Actor who played the Goblin King David Bowie
89%
Dwarf Hoggle
89%
Main characters brother Toby
87%
Name of the Goblin King Jareth
80%
Friendly beast Ludo
80%
How many hours did the main character have to solve the Labyrinth? 13
78%
Goblin King's animal form Owl
76%
Main characters line that defeats the Goblin King You have no power over me
72%
Name of the fruit that the dwarf gave to the main character Peach
71%
Swampy water Bog of Eternal Stench
68%
Fox-terriers faithful steed Ambrosius
39%
What does the main character write on the tiles as she makes her way through the Labrinth? Lipstick
38%
Fox-terrier Sir Didymus
38%
What does the Goblin King try to offer to the main character in the final scene? A crystal ball
12%
No matching quizzes found
Score Distribution
Percent of People with Each Score
Percentile by Number Answered
Your Score History
You have not taken this quiz